Statistics for April 25th: Birthdays

Click here to take the quiz!

General Stats

  • This quiz has been taken 4 times
  • The average score is 4 of 14

Answer Stats

YearClueAnswer% Correct
1962NBA CommissionerAdam Silver
75%
1599Puritan lord protector of EnglandOliver Cromwell
75%
1976NBA forward for San Antonio SpursTim Duncan
75%
1940Actor in The GodfatherAl Pacino
50%
1969Actress in Bridget JonesRenée Zellweger
50%
1927Illustrator of Asterix booksAlbert Uderzo
25%
1284King of EnglandEdward II
25%
1964Voice behind many SimpsonsHank Azaria
25%
1958Winner of Women's PGA ChampionshipsChrista Johnson
0%
1917Artist of These Foolish ThingsElla Fitzgerald
0%
198911th Panchen LamaGedhun Nyima
0%
1874Nobel Prize WinnerGuglielmo Marconi
0%
1952Prime Minister of IraqHaider al-Abadi
0%
1990Chilean YouTube starHolaSoyGerman
0%

Score Distribution

Percentile by Number Answered

Percent of People with Each Score

Your Score History

You have not taken this quiz